History Quiz

Random History or Sporcle Quiz

Modern History: 1850-1874 Quiz Stats

 Plays Quiz Updated Feb 21, 2021

Support Sporcle.
Go Orange.
Score 0/25 Timer 06:00
3 Plays Today
% Correct
1862
88.3%
1863
87.7%
1857
86.2%
1865
86%
1856
85.2%
1859
82.9%
1873
81.7%
1858
81.3%
1861
81.1%
1854
78.5%
1855
78%
1871
76.6%
1867
75.2%
% Correct
1870
73.4%
1860
72.5%
1874
72.4%
1852
72.3%
1869
70.6%
1872
68.8%
1866
61.9%
1868
59.5%
1850
55.7%
1853
55.7%
1864
48.6%
1851
24.8%

From the Vault

Critics' Top Ten Films of the 2000s

by sjmcclellan618

Movies 15m
The critics agree...to disagree.
Remove Ads.
Support Sporcle.
Get the best of Sporcle when you Go Orange. This ad-free experience offers more features, more stats, and more fun while also helping to support Sporcle. Thank you for becoming a member.

Show Comments

Extras

Top Quizzes Today


Score Distribution

Your Account Isn't Verified!

In order to create a playlist on Sporcle, you need to verify the email address you used during registration. Go to your Sporcle Settings to finish the process.

Report this User

Report this user for behavior that violates our Community Guidelines.

Details: